Thomas's Calculus for the JEE: (Record no. 200488)

MARC details
000 -LEADER
fixed length control field 00762nam a22002297a 4500
005 - DATE AND TIME OF LATEST TRANSACTION
control field 20240201114853.0
010 ## - LCCN (DPL NO)
LC control number ENG-138830
020 ## - INTERNATIONAL STANDARD BOOK NUMBER
Terms of availability 790.00
International Standard Book Number 9789356062085
035 ## - SYSTEM CONTROL NUMBER
System control number EN-122362
037 ## - SOURCE OF ACQUISITION
Source of stock number/acquisition DBAD/PUB
082 ## - DEWEY DECIMAL CLASSIFICATION NUMBER
Classification number 515.33
100 ## - MAIN ENTRY--PERSONAL NAME
Personal name Thomas JR. ,George B.
245 ## - TITLE STATEMENT
Title Thomas's Calculus for the JEE:
Statement of responsibility, etc by George B. Thomas JR....[et.al.]
Remainder of title main and advanced /
250 ## - EDITION STATEMENT
Edition statement 16th ed.
260 ## - PUBLICATION, DISTRIBUTION, ETC. (IMPRINT)
Place of publication, distribution, etc Noida
Name of publisher, distributor, etc Pearson India Education Services Pvt Ltd
Date of publication, distribution, etc 2022
270 ## - ADDRESS
Address Ist Floor, Berger Tower, Plot No C-001A/2 Sector 16B,
City Noida
Postal code 201301
300 ## - PHYSICAL DESCRIPTION
Extent vp.:
Dimensions 25cm(pbk)
Other physical details ill.
700 ## - ADDED ENTRY--PERSONAL NAME
Personal name Weir,Maurice D.
9 (RLIN) 61516
700 ## - ADDED ENTRY--PERSONAL NAME
Personal name Hass,Joel
9 (RLIN) 61517
700 ## - ADDED ENTRY--PERSONAL NAME
Personal name Anand,Amarnath
9 (RLIN) 61518
942 ## - ADDED ENTRY ELEMENTS (KOHA)
Source of classification or shelving scheme Dewey Decimal Classification
Item type English Books
Classification part 515.33
Call number suffix THO
Holdings
Withdrawn status Lost status Not for loan Collection code Home library Current library Date acquired Source of acquisition Cost, normal purchase price Full call number Barcode Copy number Cost, replacement price Koha item type
      Non-fiction Sarojini Nagar Sarojini Nagar 01/02/2024 DBAD/PUB 790.00 515.33 THO EN-122362 1 790.00 English Books

© Delhi Public Library
Hit Counter
free hit counter